|
|
|
|
| LEADER |
00000cam a2200000 7i4500 |
| 001 |
0000008124 |
| 002 |
000008863 |
| 005 |
20000330.0 |
| 020 |
|
|
|a 9813051027
|
| 090 |
0 |
0 |
|a JF
|b BOO
|
| 245 |
1 |
0 |
|a Great rescues
|
| 260 |
|
|
|a Singapore :
|b Bookworm Publishing ,
|c 1994
|
| 300 |
|
|
|a 75p. :
|b ill ;
|c 17cm.
|
| 650 |
0 |
0 |
|a Children's stories
|
| 999 |
|
|
|a 047145
|b BUKU
|c PINJAMAN
|e PERPUSTAKAAN KOMUNITI PETALING JAYA
|
| 999 |
|
|
|a 047146
|b BUKU
|c PINJAMAN
|e PERPUSTAKAAN KOMUNITI CAW KOTA DAMANSARA
|
| 999 |
|
|
|a 051058
|b BUKU
|c PINJAMAN
|e PERPUSTAKAAN KOMUNITI PETALING JAYA
|
| 999 |
|
|
|a 051059
|b BUKU
|c PINJAMAN
|e PERPUSTAKAAN KOMUNITI PETALING JAYA
|